| 000 | 00389nam a22001217a 4500 | ||
|---|---|---|---|
| 999 |
_c9343 _d9343 |
||
| 003 | OSt | ||
| 008 | 201203b ||||| |||| 00| 0 eng d | ||
| 245 | _aThe Indian Concrete Journal | ||
| 250 | _a2019(Jul Vol.93 No.7, Aug Vol.93 No.8, Sep Vol.93 No.9, Oct Vol.93 No.10, Nov Vol.93 No.11, Dec Vol.93 No.12) | ||
| 260 |
_aNew Delhi _bACC Limited |
||
| 650 | _aCivil Engineering | ||
| 942 |
_2ddc _cBV |
||